du gène a la protéines - Statistiques

Statistiques générales
  • Ce quiz a été pris 5 fois
  • Le résultat moyen est 1 sur 8
Statistiques - réponses
Par images Réponse % Correct
ajout de la coiffe/élongation/epissage
50%
traduction
50%
initiation de la transcription
25%
dégradation de l'ARNm
0%
dégradation des protéines
0%
export
0%
fin de la synthèse protéique et repliement des protéines
0%
polyadénylation/terminaison
0%
Aucun quiz correspondant
Distribution des résultats
% des personnes avec chaque résultat
Percentile par nombre de réponses
Votre historique - résultats
Vous n’avez pas pris ce quiz